| 000 | 00602nam a2200241Ia 4500 | ||
|---|---|---|---|
| 001 | 16373 | ||
| 003 | GE_BSU | ||
| 008 | 181216s||||||||xx |||||||||||||| ||und|| | ||
| 020 | _a9782011555144 | ||
| 040 | _cGE_BSU | ||
| 100 | _aGuilloux,Michel | ||
| 245 | _aAlter Ego. Methode de Frangais. B1. 3 | ||
| 245 | _bGuide Pedagogique | ||
| 260 | _aParis | ||
| 260 | _bHachette | ||
| 260 | _c2007 | ||
| 300 | _a157p;ill;29cm. | ||
| 520 | _a(Avec des testes photocopiables) | ||
| 541 | _h87gel. | ||
| 653 | _aAlter Ego. Methode de Frangais | ||
| 653 | _aგრამატიკა, | ||
| 942 | _cBK | ||
| 999 |
_c49450 _d49450 |
||